000 00546nam a2200229Ia 4500
003 OSt
005 20220924141914.0
006 a|||||r|||| 00| 0
007 ta
008 220923b |||||||| |||| 00| 0 ben d
024 _a299759
037 _cTextual
040 _aARTS
_cARTS
_bben
041 _2ben
_aben
082 _aR34:Qz64, G1
100 _aRoy
_9120881
245 0 _aPatravali
_b Dharma vigyan
260 _c1931
650 _aPHILOSOPHY
942 _hR34:Qz64, G1
_cTEXL
_2CC
999 _c448673
_d448673